000 00669nam a22002057a 4500
005 20250212110910.0
010 _aENG-143710
020 _a8170264820
_c495.00
020 _a9788170264828
035 _aEN-127242
037 _bDBAD
082 _a881
100 _aGupta, Ashok
_977510
245 _aRomantic Sufism and contemplations/
_cBy Ashok Gupta
260 _aNew Delhi
_bHeritage Publishers
_c2021
270 _a19-A, Ansari Road, Daryaganj
_bNew Delhi
_e110002
_k011-23264444
_minfo@heritagepublishers.in
300 _axi,132p.
_bConclusion, Reference
_c23cm(pb)
700 _aGupta Ashok
_eAuthor
_977415
942 _2ddc
_cEN
_h881
_mGUP
999 _c208952
_d208952